Geography Quiz

Random Geography or State Quiz
Score 0/15 Timer 05:00
0 Plays Today
Hint Answer % Correct
Florida State Nickname: The ____ StateThe Sunshine State
94.5%
This late '80s sitcom featuring Bea Arthur and Betty White was set in Miami, FloridaThe Golden Girls
91.7%
In 2013, Diana Nyad became the first person to swim from this island nation to Florida without fins or a shark cageCuba
91%
In 1763, Spain traded Florida to Great Britain in exchange for this Cuban capitalHavana
91%
This home of the whopper has its corporate headquarters in the unincorporated area of Miami-Dade CountyBurger King
89%
Ponce de Leon named the region, La Florida, meaning 'Land of Flowers', in this languageSpanish
88.3%
NASA's first communication's satellite, Echo 1, was launched from this Florida location in 1960Cape Canaveral
85.5%
This American painter and PBS host, born in Orlando, Florida, died on July 4th, 1995Bob Ross
73.8%
Hint Answer % Correct
Debuting in 1998, this is the youngest Big 4 team playing in FloridaTampa Bay Rays
73.1%
Florida celebrates this suffragette's birthday, February 15th, as a state holidaySusan B. Anthony
64.8%
This 1967 Paul Newman film takes place in a Florida prisonCool Hand Luke
61.4%
St. Augustine of Hippo, patron saint of Augustine, Florida, is also the patron saint of this beer producing craftBrewer
58.6%
The state of Florida is located within this Risk territoryEastern United States
57.9%
This 'American Girl' singer was born in Gainesville in 1950Tom Petty
56.6%
This Zora Neale Hurston novel is set in central and southern FloridaTheir Eyes Were Watching God
40.7%

You're not logged in!

Compare scores with friends on all Sporcle quizzes.
OR
Log In

Sporcle TV

Today on Sporcle TV


Watch our educational content, quiz creation guides, and fun videos on Sporcle TV.

Show Comments

Extras

Top Quizzes Today


Score Distribution

Paid Content

Your Account Isn't Verified!

In order to create a playlist on Sporcle, you need to verify the email address you used during registration. Go to your Sporcle Settings to finish the process.

Report this User

Report this user for behavior that violates our Community Guidelines.

Details: